| 000 | 006340000a22002050004500 | ||
|---|---|---|---|
| 090 |
_aAR _b01674 |
||
| 245 | 1 | 0 | _aAmazonia during the last glacial |
| 650 | 1 | 4 |
_aPalinología _994687 |
| 650 | 1 | 4 |
_aBiogeografía _992747 |
| 650 | 1 | 4 |
_aGeomorfología _993492 |
| 651 | 4 |
_lRondonia _pBrasil _992749 |
|
| 651 | 4 |
_lCarajas _dPara _pBrasil _992749 |
|
| 651 | 4 |
_lMera _pEcuador _992749 |
|
| 651 | 4 |
_lCaquetá _pColombia _992749 |
|
| 041 | 0 | _aInglés | |
| 700 | 1 |
_aAbsy, María Lucía _994936 |
|
| 100 | 1 |
_aHammen, Thomas van der _992956 |
|
| 942 | _cARTICULO | ||
| 773 | 1 |
_tPalaeogeography, Palaeoclimatology, Palaeoecology _3396 _h109 _q247-261 _d1994 |
|
| 999 |
_c10754 _d10754 |
||